| 000 | 00440nam a2200193Ia 4500 | ||
|---|---|---|---|
| 003 | 0100 | ||
| 008 | 130303s9999 xx 000 0 und d | ||
| 020 | _a0139427643 | ||
| 040 | _cARRUPELIB | ||
| 050 | _aBC135.K53 1989 | ||
| 100 | _aKlenk, Virginia | ||
| 245 | _aUnderstanding symbolic logic | ||
| 260 | _aEnglewood Cliffs | ||
| 260 | _bPrentice Hall | ||
| 260 | _C1989 | ||
| 300 | _axiv | ||
| 300 | _b 433p. 24cm. | ||
| 942 | 0 | 0 | _01 |
| 999 |
_c16128 _d16128 |
||